BIBLIOTHÈQUE DE LA MAISON DU MEXIQUE

Logo 1 Logo 2

El crimen político en México (notice nᵒ 678)

détails MARC
000 -Sello discográfico
campo de control de longitud fija 01053nam a2200325 4500
005 - Identificación de versión
campo de control 20251016082348.0
010 ## - Número Estándar Internacional de Libros (ISBN)
Número (ISBN) 968-13-2618-0
035 ## - Otros números de control del sistema
Número de control del sistema 20376
099 ## - fechas locales
Tipo de ítem Koha LIBRO
100 ## - Datos de procesamiento general
Datos de procesamiento general 19960119d1994 m y1spay5003 ba
105 ## - Campo de datos codificados: Material textual, monográfico
Datos codificados de monografía y 001zy
200 1# - Título y mención de responsabilidad
Título propio El crimen político en México
Designación general del material texto impreso
Primer mención de responsabilidad Juan Pablo de Tavira
205 ## - Declaración de edición
Declaración de edición 1a ed
210 ## - Publicación, distribución, etc.
Lugar de publicación, distribución, etc. México
Nombre del editor, distribuidor, etc. Editorial Diana
Fecha de publicación, distribución, etc. 1994
215 ## - Descripción física
Designación de material específico y extensión del ítem 213 p
Dimensiones 21 cm
345 ## - Nota de información de adquisición
Fuente de adquisición/dirección de la suscripción [OBSOLETO] Compra
606 ## - Término temático usado como materia
Elemento de entrada Crimenes políticos
Subdivisión geográfica México
Subdivisión temática Historia
Subdivisión cronológica Siglo XIX
Número Koha 1881
606 ## - Término temático usado como materia
Elemento de entrada Crimenes políticos
Subdivisión geográfica México
Subdivisión temática Historia
Subdivisión cronológica Siglo XX
Número Koha 1882
607 ## - Nombre geográfico utilizado como tema
Elemento de entrada México
Subdivisión temática Política y gobierno
Subdivisión cronológica 1810-1910
Número Koha 1883
607 ## - Nombre geográfico utilizado como tema
Elemento de entrada México
Subdivisión temática Política y gobierno
Subdivisión cronológica 1910-1970
Número Koha 1884
660 ## - Código de área geográfica
Código MX
700 ## - Nombre personal - Responsabilidad primaria
Elemento de entrada Tavira Noriega
Parte del nombre distinta del elemento de entrada Juan Pablo de
Fechas 1945-2000
Número Koha 1885
801 #0 - Fuente de origen
Agencia cm
900 ## -
-- 1/12188
900 ## -
-- 710961680\\190196
942 ## - ELEMENTOS DE ENTRADA SECUNDARIOS (KOHA)
Tipo de ítem Koha Livre
996 ## -
-- MEX
-- 751145101
-- MMAG
-- 005772
-- 364.13 T234C
-- 20220111LIV
Exemplaires
Estatus retirado Estado de daño Estado de pérdida Fecha de adquisición Biblioteca de origen Biblioteca actual Ubicación en estantería Código de barras Precio de reemplazo Signatura topográfica completa No para préstamo Tipo de ítem Koha Nota pública Nota no pública
      05/08/2025 Casa México Paris Casa México Paris   005772 05/08/2025 364.13 T234C   Livre 20220111LIV 751145101